| 000 | 00503nam a2200181 i 4500 | ||
|---|---|---|---|
| 001 | 72220 | ||
| 003 | ES-MaACL | ||
| 005 | 20230906171350.0 | ||
| 007 | t| | ||
| 008 | 040827s1910 fr ||||1| fre d | ||
| 080 | _a159.923 | ||
| 100 | 1 |
_aGillet, Marie Stanislas. _9163177 |
|
| 245 | 1 | 2 |
_aL'éducation du caractère / _cP. Gillet. |
| 260 |
_aParis : _bDesclée de Brouwer, _c1910. |
||
| 300 |
_aXII, 236 p. ; _c19 cm. |
||
| 650 | 0 | 4 |
_aDesarrollo de la personalidad. _911791 |
| 852 |
_aES-MaACL _jF-9733 |
||
| 999 |
_c72220 _d72220 |
||